Arachnid Orchestra. Jam Sessions (Record no. 1731)

MARC details
000 -LEADER
campo de control de longitud fija 00435nam a2200121 4500
008 - DATOS DE LONGITUD FIJA--INFORMACIÓN GENERAL
campo de control de longitud fija 708 SA243a
082 ## - NÚMERO DE LA CLASIFICACIÓN DECIMAL DEWEY
Número de clasificación 708
Número de ítem SA243a
100 ## - ENTRADA PRINCIPAL--NOMBRE DE PERSONA
Nombre de persona Saraceno, Tomás
9 (RLIN) 6919
245 ## - MENCIÓN DEL TÍTULO
Título Arachnid Orchestra. Jam Sessions
260 ## - PUBLICACIÓN, DISTRIBUCIÓN, ETC.
Lugar de publicación, distribución, etc. Singapur
Nombre del editor, distribuidor, etc. NTU Center for Contemporary Art Singapore
Fecha de publicación, distribución, etc. 2015
300 ## - DESCRIPCIÓN FÍSICA
Extensión 28 p.
Otras características físicas ill (col)
Dimensiones 21 x 14,5 cm
650 ## - PUNTO DE ACCESO ADICIONAL DE MATERIA--TÉRMINO DE MATERIA
Subdivisión general arte contemporáneo
-- arte - exhibiciones
-- arte - instalación
-- arte - performance
-- Argentina
9 (RLIN) 6920
Holdings
Estatus retirado Estado de pérdida Fuente del sistema de clasificación o colocación Estado de daño No para préstamo Biblioteca de origen Biblioteca actual Ubicación en estantería Fecha de adquisición Total de préstamos Signatura topográfica completa Código de barras Visto por última vez Precio de reemplazo Tipo de ítem Koha
    Clasificación Decimal Dewey     Biblioteca LadoV Biblioteca LadoV   21/02/2019   708 SA243a 004738 21/02/2019 21/02/2019 Material 01